banner-ar

مراة الجنان وعبرة اليقظان فى معرفة حوادث الزمان / (Record no. 39070)

MARC details
000 -الفاتح
حقل البيانات ثابتة الطول 00752nam a2200193Ia 4500
008 - عناصر البيانات ثابتة الطول - معلومات عامة
حقل البيانات ثابتة الطول 140319s9999 xx 000 0 ara d
040 ## - مصدر الفهرسة
وكالة الفهرسة الأصلية GCL /
وكالة النسخ GCL
082 04 - رقم تصنيف ديوى العشرى
رقم التصنيف 922.1
رقم المادة ى م
100 1# - المدخل الرئيسى - إسم شخصى
الإسم الشخصى عبدالله الجبورى
245 10 - بيان العنوان
العنوان مراة الجنان وعبرة اليقظان فى معرفة حوادث الزمان /
بيان المسئوليه,etc عبدالله الجبورى
700 1# - المدخل الاضافى - اسم شخصى
الإسم الشخصى عبدالله الجبورى
700 1# - المدخل الاضافى - اسم شخصى
الإسم الشخصى اليافعى : عفيف الدين ابو محمد عبدالله بن اسعد بن على بن سليم بن فلاح الشافعى
260 ## - PUBLICATION, DISTRIBUTION, ETC. (IMPRINT)
تاريخ النشر أو التوزيع 1984
300 ## - الوصف المادى
التعداد 471 ص ؛
أبعاد الوعاء 28 سم
490 ## - بيان السلسلة
عنوان السلسلة
650 04 - المدخل الاضافى بالموضوع-مصطلح موضوعى
مصطلح موضوعي الاسلام - تراجم
942 ## - عناصر المدخل الإضافي( كوها)
مصدر التصنيف او مخطط الترفيف Dewey Decimal Classification
Koha [default] item type كتاب
260 ## - PUBLICATION, DISTRIBUTION, ETC. (IMPRINT)
-- سوريا :
-- مؤسسة الرسالة ،
Holdings
حالة التراجع حالة الفقد حالة تلف ليس للاعارة المكان المؤقت الموقع الحالى تاريخ الاكتساب اجمالي اﻻعارات رقم الطلب الباركود تاريخ اخر مشاهدة تاريخ تفعيل السعر نوع وعاء كوها
        مكتبة القاهرة الكبرى مكتبة القاهرة الكبرى 03/26/2014   922.1\ى م 95521 03/26/2014 03/26/2014 كتاب
        مكتبة القاهرة الكبرى مكتبة القاهرة الكبرى 03/26/2014   922.1\ى م 95522 03/26/2014 03/26/2014 كتاب
        مكتبة القاهرة الكبرى مكتبة القاهرة الكبرى 03/26/2014   922.1\ى م 95523 03/26/2014 03/26/2014 كتاب
        مكتبة القاهرة الكبرى مكتبة القاهرة الكبرى 03/26/2014   922.1\ى م 95524 03/26/2014 03/26/2014 كتاب

Powered By

EGPV